[Event "European Cities & Towns Chess Championship - Women"]
[Site "Central Europe"]
[Date "2023.01.29"]
[Round "8.4.4"]
[White "Miltiadou, Danai"]
[Black "Pasoglou, Ekaterini"]
[Result "0-1"]
[WhiteElo "1000"]
[BlackElo "1872"]
[BlackCountry "GR"]
[BlackFideId "4247663"]
[BlackTeam "Thessaloniki"]
[WhiteCountry "CY"]
[WhiteFideId "5906865"]
[WhiteTeam "Nicosia"]

1. e4 c5 2. Nf3 d6 3. Bc4 e6 4. Nc3 Nc6 5. Bb5 Nf6 6. e5 dxe5 7. Nxe5 Bd7 
8. Nxc6 bxc6 9. Bc4 Bd6 10. d3 Qc7 11. Bg5 Be5 12. Qd2 O-O 13. f4 Bd6 14. 
Bxf6 Bxf4 15. Qf2 gxf6 16. Qh4 Qe5+ 17. Kd1 f5 18. Re1 Qd6 19. g3 Be5 20. 
Re2 Qd4 21. Qxd4 Bxd4 22. Rb1 Rab8 23. Na4 Rb4 24. Bb3 Rb5 25. c3 Bf6 26. 
Bc4 Ra5 27. b3 Rb8 28. Rd2 Rxa4 29. bxa4 Rxb1+ 30. Kc2 Re1 31. d4 cxd4 32.
 cxd4 Re4 33. Kc3 c5 34. Ba6 cxd4+ 35. Kc4 Bxa4 36. Bb7 Re3 37. Rd3 Bb5+ 
38. Kxb5 Rxd3 39. Kc4 Ra3 40. Kc5 d3 41. Bf3 d2 42. Be2 Rxa2 43. Kc4 Ra1 
44. Kd3 d1=Q+ 45. Bxd1 Rxd1+ 46. Ke2 Ra1 47. g4 Ra3 48. gxf5 exf5 49. h3 
Kg7 50. h4 f4 51. h5 f3+ 52. Kf2 Bh4+ 53. Kf1 f2 54. h6+ Kxh6 55. Kg2 Ra1 
56. Kh3 f1=Q+ 57. Kxh4 Ra4+ 58. Kg3 Qd3+ 59. Kf2 Ra2+ 60. Ke1 Qb1# 0-1

[Event "European Cities & Towns Chess Championship - Women"]
[Site "Central Europe"]
[Date "2023.01.29"]
[Round "8.5.1"]
[White "Tsapaki, Asimenia"]
[Black "Gkoutzouki, Aikaterini Argyro"]
[Result "1-0"]
[WhiteElo "1498"]
[BlackElo "1742"]
[BlackCountry "GR"]
[BlackFideId "25838105"]
[BlackTeam "Corfu, Greece"]
[WhiteCountry "GR"]
[WhiteFideId "25845365"]
[WhiteTeam "Heraklion Women"]

1. b3 d5 2. Bb2 e6 3. Nf3 Nf6 4. e3 c5 5. d4 Nc6 6. Nbd2 cxd4 7. Nxd4 Bd6 
8. c4 O-O 9. Bd3 Nxd4 10. Bxd4 b6 11. O-O e5 12. Bb2 Ba6 13. Rc1 Re8 14. 
Be2 Bb4 15. cxd5 Bxe2 16. Qxe2 Qxd5 17. Nc4 b5 18. Rfd1 Qe4 19. Nd6 Bxd6 
20. Rxd6 Rac8 21. Qd2 h6 22. h3 Rxc1+ 23. Qxc1 Qb7 24. Qd2 Ne4 25. Rd7 Qc6
26. Qd5 Qg6 27. Bxe5 Ng5 28. Bf4 Nxh3+ 29. Kf1 Nxf4 30. exf4 Qf6 31. g3 a6
32. Kg2 g6 33. Rd6 Qg7 34. Rxa6 b4 35. Ra8 Qf8 36. Rxe8 Qxe8 37. Qb7 Qe1 
38. Qb8+ Kh7 39. Qb7 Kg7 40. Qd5 Qe8 41. Qd4+ Kg8 42. Qxb4 Qa8+ 43. Kg1 
Qxa2 44. Qb8+ Kg7 45. Qb7 Qb1+ 46. Kg2 Qb2 47. b4 g5 48. fxg5 hxg5 49. b5 
Qb4 50. Qd5 Kg6 51. Qc6+ f6 52. b6 Qb3 53. b7 Qb4 54. Qe8+ Kg7 55. b8=Q 
1-0

[Event "European Cities & Towns Chess Championship - Women"]
[Site "Central Europe"]
[Date "2023.01.29"]
[Round "8.5.2"]
[White "Sklavounou, Kalliopi"]
[Black "Kontogianni, Vasiliki (Vivian)"]
[Result "1/2-1/2"]
[WhiteElo "1375"]
[BlackElo "1442"]
[BlackCountry "GR"]
[BlackFideId "42106672"]
[BlackTeam "Heraklion Women"]
[WhiteCountry "GR"]
[WhiteFideId "25839250"]
[WhiteTeam "Corfu, Greece"]

1. Nf3 c5 2. g3 g6 3. Bg2 Bg7 4. O-O Nc6 5. c4 h5 6. e3 d6 7. d4 cxd4 8. 
exd4 Bg4 9. d5 Ne5 10. Qa4+ Qd7 11. Qxd7+ Kxd7 12. Nxe5+ Bxe5 13. Nd2 Rc8 
14. h3 Bf5 15. Nf3 Bf6 16. Nd2 Bd3 17. Re1 Bxc4 18. Nxc4 Rxc4 19. b3 Rc2 
20. Be4 Rxf2 21. Kxf2 Bxa1 22. Be3 Bg7 23. Bxa7 Nf6 24. Bb6 Rc8 25. Bf3 
Rc2+ 26. Re2 Rxe2+ 27. Kxe2 Ne8 28. a4 Nc7 29. Kd3 Na8 30. Bd4 Bxd4 31. 
Kxd4 Kc7 32. a5 b6 33. b4 bxa5 34. bxa5 Kb7 35. Kc4 Nc7 36. h4 Ka6 37. Kb4
Ka7 38. Kc4 Ka6 39. Kb4 Kb7 40. Kc4 Na8 41. g4 hxg4 42. Bxg4 Ka6 43. Kb4 
Nc7 44. Bf3 Kb7 45. Kc4 Ka7 46. h5 gxh5 47. Bxh5 Ka6 48. Bxf7 Kxa5 49. Bg8
Ne8 50. Bf7 Nf6 51. Be6 Ka4 52. Bf7 Ng4 53. Be6 Ne5+ 54. Kd4 Kb4 55. Bg8 
Nf3+ 56. Ke3 Ne5 57. Kd4 Nc4 58. Be6 Nb6 59. Bf7 Na8 60. Be6 Nc7 61. Bg8 
Nb5+ 62. Kd3 Kc5 63. Bf7 Nc7 64. Ke4 Na6 65. Bg8 Nb4 66. Bf7 Kc4 67. Bg8 
Nd3 68. Bf7 Nc5+ 69. Kf5 Na4 70. Ke6 Kc5 71. Kxe7 Nb6 72. Ke6 Nxd5 73. Kf5
Ne7+ 74. Ke4 Nc6 75. Bg8 Nb8 76. Kd3 Nd7 77. Be6 Nf8 78. Bg8 Ng6 79. Ke4 
Ne5 80. Be6 Nc4 81. Bg8 Nb6 82. Kd3 Nd7 83. Be6 Nf8 84. Bg8 Kc6 85. Kd4 
Nd7 86. Be6 Nf6 87. Bf7 Kd7 88. Ba2 Ne8 89. Bb3 Nc7 90. Bg8 Ne6+ 91. Kd5 
Nf4+ 92. Ke4 Ng6 93. Ba2 Ne7 94. Kd4 Nf5+ 95. Ke4 Ng7 96. Kd4 Ne6+ 97. Ke4
Nc7 98. Bb3 Kc6 99. Ba2 Kc5 100. Bg8 Na6 101. Bf7 Nb4 102. Bg8 Nc6 103. 
Bf7 Ne5 104. Bg8 Nd7 105. Ba2 Nf6+ 106. Kd3 Nd5 107. Bb3 Nb4+ 108. Ke3 
Nd5+ 109. Ke4 Nc3+ 110. Kd3 Nd5 111. Ke4 Ne7 112. Kd3 Nc6 113. Ke4 Nb4 
114. Bg8 Na6 115. Bf7 Nb8 116. Bg8 Nd7 117. Be6 Nf8 118. Ba2 Ng6 119. Bg8 
Ne7 120. Bf7 Nc6 121. Bd5 Nb4 122. Bg8 1/2-1/2

[Event "European Cities & Towns Chess Championship - Women"]
[Site "Central Europe"]
[Date "2023.01.29"]
[Round "8.5.3"]
[White "Varveraki, Argiri"]
[Black "Sklavounou, Iliana"]
[Result "1-0"]
[WhiteElo "1404"]
[BlackElo "1296"]
[BlackCountry "GR"]
[BlackFideId "25829238"]
[BlackTeam "Corfu, Greece"]
[WhiteCountry "GR"]
[WhiteFideId "4217667"]
[WhiteTeam "Heraklion Women"]

1. e4 c5 2. Nf3 d6 3. c3 Nf6 4. Bd3 Bg4 5. Bc2 Nc6 6. O-O e5 7. d3 Be7 8. 
h3 Bh5 9. Bg5 O-O 10. Bxf6 Bxf6 11. Nbd2 Re8 12. a4 Na5 13. g4 Bg6 14. Nc4
Nxc4 15. dxc4 Qc7 16. Ne1 Bg5 17. Ng2 Qc6 18. Re1 a6 19. h4 Bxh4 20. Nxh4 
Rad8 21. a5 Re7 22. Re3 b5 23. cxb5 Qxb5 24. Nxg6 fxg6 25. b3 Kh8 26. Rf3 
Qd7 27. Rd3 Rf7 28. Qd2 Qxg4+ 29. Rg3 Qe6 30. Qe2 Qc8 31. Bd3 Ra7 32. Bc4 
Rf8 33. Kh2 Qc6 34. Bd5 Qb5 35. Qxb5 axb5 36. a6 Rxf2+ 37. Kg1 Rf8 38. Kg2
Rb8 39. Rf3 h6 40. Rf7 Rxf7 41. Bxf7 Ra8 42. a7 1-0

[Event "European Cities & Towns Chess Championship - Women"]
[Site "Central Europe"]
[Date "2023.01.29"]
[Round "8.5.4"]
[White "Vlahopoulou, Valeria"]
[Black "Papadimitriou, Argyro"]
[Result "0-1"]
[WhiteElo "1000"]
[BlackElo "1000"]
[BlackCountry "GR"]
[BlackFideId "42133041"]
[BlackTeam "Heraklion Women"]
[Termination "time forfeit"]
[WhiteTeam "Corfu, Greece"]

1. e4 e5 2. Nf3 Nc6 3. Bc4 h6 4. Nc3 a6 5. a4 Nf6 6. d4 d6 7. dxe5 Nxe5 8.
 Nxe5 dxe5 9. Qxd8+ Kxd8 10. Bxf7 Bb4 11. Bd2 Ke7 12. Bd5 c6 13. Bc4 a5 
14. Na2 Bxd2+ 15. Kxd2 Nxe4+ 16. Kc1 Nxf2 17. Rf1 Ng4 18. Rf7+ Ke8 19. 
Rxg7 Rf8 20. Kd2 Nf6 21. Re1 Ng4 22. h3 Rf2+ 23. Kd1 Kf8 24. Rg8+ Ke7 25. 
hxg4 Kd6 26. Re2 Rf4 27. b3 Rxg4 28. Rd2+ Rd4 29. Rxd4+ exd4 30. Kd2 Kc5 
31. c3 dxc3+ 32. Nxc3 b5 33. axb5 cxb5 34. Nxb5 Kb4 35. Rh8 a4 36. Nc7 a3 
37. Rd8 a2 38. Rd5 Ra5 39. Nb5 a1=Q 40. Nc7 Ra2+ 0-1

[Event "European Cities & Towns Chess Championship - Women"]
[Site "Central Europe"]
[Date "2023.01.29"]
[Round "8.6.1"]
[White "Caku, Kler"]
[Black "Cramling, Pia"]
[Result "1-0"]
[WhiteElo "1656"]
[BlackElo "2458"]
[BlackCountry "SE"]
[BlackFideId "1700030"]
[BlackTeam "Stockholm 2 - Sweden"]
[BlackTitle "GM"]
[Termination "time forfeit"]
[WhiteCountry "AL"]
[WhiteFideId "4704703"]
[WhiteTeam "TEUTA - Durres Albania"]

1. e4 c5 2. Nf3 e6 3. d4 cxd4 4. Nxd4 a6 5. Nc3 b5 6. a3 Bb7 7. Be2 d6 8. 
O-O Nf6 9. Bf3 Qc7 10. Be3 Nbd7 11. Nb3 Ne5 12. Bd4 Be7 13. Bxe5 dxe5 14. 
Qe2 O-O 15. Rfd1 Bc6 16. Rd3 Rfc8 17. Rad1 Be8 18. h3 a5 19. R3d2 Rab8 20.
 g3 g6 21. Bg2 b4 22. axb4 Rxb4 23. Qa6 a4 24. Nc1 Rxb2 25. Nxa4 Ra2 26. 
Nxa2 Rb8 27. N4c3 Rb2 28. Rb1 Qb8 29. Rxb2 Qxb2 30. Qd3 Kg7 31. Rd1 Bc5 
32. Rb1 Qa3 33. Rb3 Qa7 34. Qe2 Bd4 35. Rb1 Qa3 36. Qd2 Bc6 37. Rb3 Qa7 
38. Nb4 Bd7 39. Nd3 Qa5 40. Nb1 Qa2 41. Nc1 Qa7 42. c3 Bb6 43. Nd3 Bc7 44.
 Qb2 Bc6 45. Qa3 Ba5 46. Nd2 Qd7 47. Bf1 Bc7 48. c4 Nh5 49. Be2 Nf6 50. 
Qb2 h5 51. Kf1 Ba4 52. Rb4 Bc6 53. c5 Ba5 54. Rb3 Bxd2 55. Qxd2 Nxe4 56. 
Qe3 f6 57. Bf3 Nxc5 58. Nxc5 1-0

[Event "European Cities & Towns Chess Championship - Women"]
[Site "Central Europe"]
[Date "2023.01.29"]
[Round "8.6.2"]
[White "Tetenkina, Irina"]
[Black "Paja, Valdete"]
[Result "1-0"]
[WhiteElo "2213"]
[BlackElo "1257"]
[BlackCountry "AL"]
[BlackFideId "4707761"]
[BlackTeam "TEUTA - Durres Albania"]
[WhiteCountry "SE"]
[WhiteFideId "13500996"]
[WhiteTeam "Stockholm 2 - Sweden"]
[WhiteTitle "WIM"]

1. Nf3 e6 2. c4 c5 3. g3 d5 4. cxd5 exd5 5. d4 Be6 6. Bg2 Qa5+ 7. Nc3 Nf6 
8. O-O Nc6 9. Bg5 Be7 10. dxc5 Qxc5 11. Rc1 Qb6 12. Na4 Qd8 13. Nc5 Bxc5 
14. Rxc5 h6 15. Be3 O-O 16. Nd4 Rc8 17. Qc2 Qd7 18. Rc1 Rc7 19. Nxc6 bxc6 
20. Rxc6 Rxc6 21. Qxc6 Rc8 22. Qxc8+ Qxc8 23. Rxc8+ Bxc8 24. Bxa7 Be6 25. 
Bd4 Nd7 26. a4 Nb8 27. b4 Nc6 28. Bc5 Nb8 29. b5 d4 30. Bxd4 Bc4 31. e3 f6
32. Bf1 Bb3 33. a5 Kf7 34. a6 Bd5 35. a7 Nd7 36. Bg2 Bxg2 37. Kxg2 Ke6 38.
 a8=Q Ne5 39. Qc8+ Kf7 40. Bxe5 fxe5 41. b6 Kf6 42. b7 1-0

[Event "European Cities & Towns Chess Championship - Women"]
[Site "Central Europe"]
[Date "2023.01.29"]
[Round "8.6.3"]
[White "Ndreko, Ailin"]
[Black "Johansson, Viktoria"]
[Result "0-1"]
[WhiteElo "1256"]
[BlackElo "2042"]
[BlackCountry "SE"]
[BlackFideId "1701940"]
[BlackTeam "Stockholm 2 - Sweden"]
[BlackTitle "WIM"]
[WhiteCountry "AL"]
[WhiteFideId "4705807"]
[WhiteTeam "TEUTA - Durres Albania"]

1. e4 c5 2. f4 d5 3. exd5 Qxd5 4. Nf3 Nc6 5. Nc3 Qd8 6. Bb5 Bd7 7. Bxc6 
Bxc6 8. O-O Nf6 9. d3 e6 10. h3 Be7 11. Be3 O-O 12. Ne5 Qc7 13. Ne2 Rad8 
14. Ng3 Bd6 15. Ng4 Nd5 16. Qd2 b6 17. Ne4 Be7 18. Ng5 h6 19. Nf3 Bb7 20. 
Nfe5 Nxe3 21. Qxe3 c4 22. Kh1 cxd3 23. cxd3 Qd6 24. Qg3 Kh7 25. f5 exf5 
26. Rxf5 Bc8 27. Rf3 Bxg4 28. hxg4 f6 29. Nc4 Qxg3 30. Rxg3 Bc5 31. Rd1 
Rfe8 32. a3 a5 33. b4 axb4 34. axb4 Bd4 35. Rf3 Re2 36. Rf4 b5 37. Na3 Be5
38. Rf5 Rb2 39. Nxb5 Rxb4 40. Na3 Rxg4 41. Kg1 Ra4 42. Nc2 Ra2 43. Rf2 Rc8
44. Rdd2 Bg3 45. Rf3 Bb8 46. Rff2 f5 47. d4 Bg3 48. Rf3 f4 49. d5 Rcxc2 
50. Rxc2 Rxc2 51. Kf1 Rd2 52. d6 Rxd6 53. Ke2 g5 54. Ra3 Kg6 55. Ra5 h5 
56. Rb5 g4 57. Rb8 Re6+ 58. Kd3 f3 59. Rb2 f2 60. Rb1 Re1 61. Rb6+ Kg5 62.
 Rb5+ Kh4 63. Rxh5+ Kxh5 64. Kc2 f1=Q 65. Kb2 Rc1 66. Kb3 Qb5+ 67. Ka2 Rc8
68. Ka1 Ra8# 0-1

[Event "European Cities & Towns Chess Championship - Women"]
[Site "Central Europe"]
[Date "2023.01.29"]
[Round "9.1.1"]
[White "Unuk, Laura"]
[Black "Reizniece-Ozola, Dana"]
[Result "1-0"]
[WhiteElo "2296"]
[BlackElo "2265"]
[BlackCountry "LV"]
[BlackFideId "11601124"]
[BlackTeam "Kuldiga CC - Latvia"]
[BlackTitle "WGM"]
[Termination "time forfeit"]
[WhiteCountry "SI"]
[WhiteFideId "14609215"]
[WhiteTeam "Ljubljana Women"]
[WhiteTitle "IM"]

1. d4 Nf6 2. c4 g6 3. g3 Bg7 4. Bg2 O-O 5. Nf3 d6 6. O-O Nc6 7. Nc3 a6 8. 
b3 Rb8 9. Bb2 b5 10. cxb5 axb5 11. Rc1 b4 12. Na4 Na7 13. Qc2 c6 14. e4 
Bd7 15. Rfd1 Nb5 16. Qd2 Nxe4 17. Qe1 f5 18. Rc4 Nbc3 19. Nxc3 bxc3 20. 
Bxc3 c5 21. Ba5 Qe8 22. dxc5 Nxc5 23. Bc3 Bb5 24. Bxg7 Kxg7 25. Qc3+ e5 
26. Nxe5 Rf6 27. Ng4 fxg4 28. Rxd6 Nd7 29. Rc7 Qe7 30. Rd1 Rb6 31. a4 Qe2 
32. Rf1 Bc6 33. Bxc6 Rxc6 34. Rxd7+ Kh6 35. Qd3 Qe6 36. Qd2+ g5 37. Re1 
Qxb3 38. Rd5 Rg6 39. a5 1-0

[Event "European Cities & Towns Chess Championship - Women"]
[Site "Central Europe"]
[Date "2023.01.29"]
[Round "9.1.2"]
[White "Krumina, Linda"]
[Black "Urh, Zala"]
[Result "1-0"]
[WhiteElo "2073"]
[BlackElo "2282"]
[BlackCountry "SI"]
[BlackFideId "14611481"]
[BlackTeam "Ljubljana Women"]
[BlackTitle "WIM"]
[Termination "time forfeit"]
[WhiteCountry "LV"]
[WhiteFideId "11601701"]
[WhiteTeam "Kuldiga CC - Latvia"]
[WhiteTitle "WFM"]

1. d4 Nf6 2. Nf3 d5 3. e3 e6 4. Bd3 c5 5. b3 cxd4 6. exd4 Bd6 7. Bb2 Nc6 
8. a3 O-O 9. O-O a6 10. Nbd2 b5 11. Ne5 Bb7 12. Re1 Rc8 13. Qf3 Qc7 14. 
Qh3 h6 15. Re3 Ne8 16. Rae1 Bxe5 17. dxe5 d4 18. Re4 Rd8 19. Nf3 Rd5 20. 
Bc1 Ne7 21. Bxh6 gxh6 22. Qxh6 Ng6 23. Ng5 f5 24. Qxg6+ Qg7 25. Qxe6+ Rf7 
26. Qxe8+ 1-0

[Event "European Cities & Towns Chess Championship - Women"]
[Site "Central Europe"]
[Date "2023.01.29"]
[Round "9.1.3"]
[White "Vidic, Teja"]
[Black "Maklakova, Nellija"]
[Result "1-0"]
[WhiteElo "2138"]
[BlackElo "1817"]
[BlackCountry "LV"]
[BlackFideId "11603470"]
[BlackTeam "Kuldiga CC - Latvia"]
[WhiteCountry "SI"]
[WhiteFideId "14605511"]
[WhiteTeam "Ljubljana Women"]
[WhiteTitle "WIM"]

1. e4 e6 2. d4 d5 3. Nc3 Nf6 4. e5 Nfd7 5. f4 c5 6. Nf3 Nc6 7. Be3 cxd4 8.
 Nxd4 a6 9. Qd2 Qc7 10. O-O-O Nxd4 11. Bxd4 b5 12. Kb1 Bb7 13. h4 O-O-O 
14. h5 Bb4 15. Qe3 Bxc3 16. Bxc3 Kb8 17. a4 bxa4 18. Rd4 Nc5 19. Rb4 Ka8 
20. Bd4 Rc8 21. Bd3 Qa5 22. c3 Rc6 23. Bxc5 Rxc5 24. Qd4 Rhc8 25. Rxa4 Qb6
26. Kc2 Kb8 27. h6 g6 28. Rha1 a5 29. R1a3 R8c6 30. Rb3 Qd8 31. Bb5 Rc7 
32. Rxa5 Kc8 33. Qa4 Qh4 34. Ra8+ Bxa8 35. Qxa8# 1-0

[Event "European Cities & Towns Chess Championship - Women"]
[Site "Central Europe"]
[Date "2023.01.29"]
[Round "9.1.4"]
[White "Kane, Marta"]
[Black "Rozman, Monika"]
[Result "0-1"]
[WhiteElo "1836"]
[BlackElo "2125"]
[BlackCountry "SI"]
[BlackFideId "14609118"]
[BlackTeam "Ljubljana Women"]
[BlackTitle "WFM"]
[WhiteCountry "LV"]
[WhiteFideId "11603569"]
[WhiteTeam "Kuldiga CC - Latvia"]

1. d4 d5 2. Nf3 Nf6 3. Bf4 c5 4. c3 Nc6 5. e3 Qb6 6. Qb3 c4 7. Qxb6 axb6 
8. Nbd2 Bf5 9. h3 b5 10. Be2 e6 11. O-O b4 12. Nh4 Bg6 13. Nxg6 hxg6 14. 
cxb4 Bxb4 15. Nf3 Ne4 16. a3 Bd6 17. Bxd6 Nxd6 18. Rac1 O-O 19. Ne5 Nxe5 
20. dxe5 Ne4 21. Rc2 Rfc8 22. Rfc1 Rc6 23. Bf3 Nc5 24. Be2 Kf8 25. f3 Ke7 
26. e4 Nd7 27. f4 g5 28. Bf3 gxf4 29. exd5 exd5 30. Bxd5 Rc5 31. Rd1 Nxe5 
32. Re2 f6 33. Bxb7 Rb8 34. Be4 Rb3 35. Bd5 Rd3 36. Rxd3 cxd3 37. Rd2 Rxd5
38. b4 Nc4 39. Rd1 d2 40. Kf2 Ne3 41. Ke2 Nxd1 42. Kxd1 Rd3 43. a4 Ra3 44.
 Kxd2 Rxa4 0-1

[Event "European Cities & Towns Chess Championship - Women"]
[Site "Central Europe"]
[Date "2023.01.29"]
[Round "9.2.1"]
[White "Cramling, Pia"]
[Black "Houska, Jovanka"]
[Result "1-0"]
[WhiteElo "2458"]
[BlackElo "2338"]
[BlackCountry "GB"]
[BlackFideId "405094"]
[BlackTeam "London Women"]
[BlackTitle "IM"]
[WhiteCountry "SE"]
[WhiteFideId "1700030"]
[WhiteTeam "Stockholm 2 - Sweden"]
[WhiteTitle "GM"]

1. d4 d5 2. c4 e6 3. Nc3 Nf6 4. cxd5 exd5 5. Bg5 Be7 6. e3 Bg4 7. Qb3 Nbd7
8. Bd3 O-O 9. h3 Be6 10. Nge2 c5 11. Qc2 c4 12. Bf5 Bxf5 13. Qxf5 h6 14. 
Bxf6 Nxf6 15. Nf4 Bb4 16. O-O Bxc3 17. bxc3 Qc8 18. Nxd5 Qxf5 19. Ne7+ Kh7
20. Nxf5 Nd5 21. Rfc1 b5 22. Rab1 a6 23. a4 bxa4 24. Ra1 Nb6 25. Nd6 Rab8 
26. Ne4 f5 27. Nc5 f4 28. exf4 Rxf4 29. Rcb1 Rf6 30. Nxa4 Nd7 31. Rxb8 
Nxb8 32. Nc5 Rb6 33. Ra4 Rb1+ 34. Kh2 Rb2 35. f3 Rc2 36. Rxc4 a5 37. Na4 
Nd7 38. h4 Nf6 39. Rc5 g6 40. Rxa5 Nh5 41. Ra7+ Kg8 42. d5 Nf4 43. d6 
Rxg2+ 44. Kh1 Rd2 45. d7 Kf8 46. Nc5 Ke7 47. Ra8 Rd1+ 48. Kh2 Rd2+ 49. Kg1
Ne2+ 50. Kf1 Ng3+ 51. Ke1 Rxd7 52. Nxd7 Kxd7 53. Ra6 g5 54. Rxh6 gxh4 55. 
Rxh4 Nf5 56. Rh5 1-0

[Event "European Cities & Towns Chess Championship - Women"]
[Site "Central Europe"]
[Date "2023.01.29"]
[Round "9.2.2"]
[White "Yao, Lan"]
[Black "Tetenkina, Irina"]
[Result "1-0"]
[WhiteElo "2271"]
[BlackElo "2213"]
[BlackCountry "SE"]
[BlackFideId "13500996"]
[BlackTeam "Stockholm 2 - Sweden"]
[BlackTitle "WIM"]
[Termination "time forfeit"]
[WhiteCountry "GB"]
[WhiteFideId "8610835"]
[WhiteTeam "London Women"]
[WhiteTitle "WIM"]

1. e4 e6 2. d4 d5 3. Nc3 dxe4 4. Nxe4 Nf6 5. Nxf6+ gxf6 6. Nf3 c5 7. Be3 
Nd7 8. Qd2 Qb6 9. O-O-O cxd4 10. Nxd4 Bc5 11. Nb5 Bxe3 12. fxe3 O-O 13. 
Qf2 a6 14. Nd6 Qa5 15. Kb1 Qe5 16. Nxc8 Raxc8 17. Rxd7 b5 18. Bd3 f5 19. 
Rd4 Kh8 20. g4 fxg4 21. Rxg4 f5 22. Rg5 a5 23. Rhg1 a4 24. Qf4 Qf6 25. Qb4
a3 26. Qxa3 b4 27. Qa7 Rf7 28. Qa6 Rfc7 29. Rxf5 Qh6 30. Rfg5 Qxh2 31. 
R5g2 Qe5 32. Qb5 Qxe3 33. Qg5 1-0

[Event "European Cities & Towns Chess Championship - Women"]
[Site "Central Europe"]
[Date "2023.01.29"]
[Round "9.2.3"]
[White "Johansson, Viktoria"]
[Black "Toma, Katarzyna"]
[Result "1-0"]
[WhiteElo "2042"]
[BlackElo "2232"]
[BlackCountry "GB"]
[BlackFideId "1119907"]
[BlackTeam "London Women"]
[BlackTitle "WGM"]
[WhiteCountry "SE"]
[WhiteFideId "1701940"]
[WhiteTeam "Stockholm 2 - Sweden"]
[WhiteTitle "WIM"]

1. d4 Nf6 2. c4 g6 3. Nc3 d5 4. cxd5 Nxd5 5. e4 Nxc3 6. bxc3 Bg7 7. Bc4 c5
8. Ne2 Nc6 9. Be3 O-O 10. O-O Qc7 11. Rc1 Rd8 12. d5 Na5 13. Bd3 c4 14. 
Bb1 e5 15. Kh1 b6 16. f4 Bh6 17. Qd2 f6 18. fxe5 Bxe3 19. Qxe3 fxe5 20. 
Rf6 Nb7 21. Rcf1 Nd6 22. Qg5 Re8 23. h4 Ba6 24. h5 Rf8 25. hxg6 h5 26. 
Qxe5 Rxf6 27. Rxf6 1-0

[Event "European Cities & Towns Chess Championship - Women"]
[Site "Central Europe"]
[Date "2023.01.29"]
[Round "9.2.4"]
[White "Hryshchenko, Kamila"]
[Black "Andric, Jelena"]
[Result "1-0"]
[WhiteElo "2139"]
[BlackElo "1967"]
[BlackCountry "SE"]
[BlackFideId "919853"]
[BlackTeam "Stockholm 2 - Sweden"]
[BlackTitle "WFM"]
[WhiteCountry "GB"]
[WhiteFideId "14147491"]
[WhiteTeam "London Women"]

1. e4 e6 2. d3 d5 3. Nd2 Nc6 4. Ngf3 dxe4 5. dxe4 Bc5 6. Be2 Bd7 7. c3 
Nge7 8. a4 a5 9. Nc4 Ng6 10. Qc2 Qe7 11. h4 h5 12. Bg5 f6 13. e5 Nf8 14. 
Be3 Bxe3 15. Nxe3 fxe5 16. Bb5 Qf6 17. O-O-O Ng6 18. Rxd7 Kxd7 19. Qxg6 
Qxg6 20. Nxe5+ Kd6 21. Nxg6 Rh6 22. Rd1+ Kc5 23. Bxc6 Kxc6 24. Ne5+ Kb6 
25. f4 Rhh8 26. Rd7 Rad8 27. N3c4+ Ka6 28. Rxc7 Rhf8 29. Nd7 Rxf4 30. Nc5+
Ka7 31. Rxb7+ Ka8 32. Nb6# 1-0

[Event "European Cities & Towns Chess Championship - Women"]
[Site "Central Europe"]
[Date "2023.01.29"]
[Round "9.3.1"]
[White "Avramidou, Anastasia"]
[Black "Tsapaki, Asimenia"]
[Result "1-0"]
[WhiteElo "2321"]
[BlackElo "1498"]
[BlackCountry "GR"]
[BlackFideId "25845365"]
[BlackTeam "Heraklion Women"]
[WhiteCountry "GR"]
[WhiteFideId "4239873"]
[WhiteTeam "Thessaloniki"]
[WhiteTitle "FM"]

1. d4 Nf6 2. c4 e6 3. Nc3 Bb4 4. Qc2 Nc6 5. Nf3 O-O 6. a3 Bxc3+ 7. Qxc3 d6
8. g3 Qe7 9. Bg2 e5 10. d5 Nb8 11. O-O Bf5 12. b4 Nbd7 13. Bb2 h6 14. Nd2 
e4 15. Nb3 Ne5 16. Rac1 c6 17. dxc6 bxc6 18. Rfd1 Rfd8 19. c5 Nd5 20. Rxd5
cxd5 21. cxd6 Qxd6 22. Qxe5 Qxe5 23. Bxe5 Rac8 24. Rc5 Rxc5 25. bxc5 Bd7 
26. Nd4 Rc8 27. Bd6 g6 28. e3 f5 29. Bf1 Kf7 30. Ba6 Re8 31. Bb7 Bc8 32. 
Bxd5+ Kf6 33. Nc6 a6 34. Nb4 Rd8 35. Bc4 Rd7 36. Nd5+ Kg7 37. Nb6 Rd8 38. 
Nxc8 Rxc8 39. a4 a5 40. Bb5 Rd8 41. Be5+ Kf7 42. c6 Ke6 43. c7 Rf8 44. Ba6
Kxe5 45. c8=Q Rxc8 46. Bxc8 g5 47. Kf1 f4 48. Ke2 1-0

[Event "European Cities & Towns Chess Championship - Women"]
[Site "Central Europe"]
[Date "2023.01.29"]
[Round "9.3.2"]
[White "Kontogianni, Vasiliki (Vivian)"]
[Black "Grapsa, Georgia"]
[Result "0-1"]
[WhiteElo "1442"]
[BlackElo "1989"]
[BlackCountry "GR"]
[BlackFideId "4206436"]
[BlackTeam "Thessaloniki"]
[BlackTitle "WFM"]
[WhiteCountry "GR"]
[WhiteFideId "42106672"]
[WhiteTeam "Heraklion Women"]

1. e4 c5 2. Nf3 d6 3. d4 cxd4 4. Nxd4 Nf6 5. Nc3 a6 6. Bg5 e6 7. f4 h6 8. 
Bh4 Qb6 9. Bxf6 gxf6 10. Nb3 h5 11. Bd3 Qe3+ 12. Ne2 Rg8 13. g3 h4 14. Qd2
Qxd2+ 15. Nxd2 Be7 16. Kf2 d5 17. Nf3 Bc5+ 18. Kg2 dxe4 19. Bxe4 f5 20. 
Bd3 hxg3 21. hxg3 b6 22. a3 Bb7 23. b4 Be7 24. Kf2 Nd7 25. Rad1 Nf6 26. 
Rhe1 Ng4+ 27. Kg2 Ne3+ 28. Kf2 Nxd1+ 29. Rxd1 Bf6 30. Ned4 O-O-O 31. Nb3 
Rd7 32. Re1 Kb8 33. Ne5 Bxe5 34. Rxe5 Rh8 35. Re2 Rh2+ 36. Ke3 Rh3 37. Kf2
Rd8 38. Nd2 Rg8 39. Nf1 b5 40. Re3 Rc8 41. Re2 Be4 42. Bxe4 fxe4 43. Rxe4 
Rxc2+ 44. Re2 Rc3 45. Re3 Rxe3 46. Kxe3 Kc7 47. Kf3 Kc6 48. Ne3 Rh1 49. 
Ke2 Ra1 50. Nc2 Rh1 51. Kf3 Kd5 52. Ne3+ Kd4 53. Ng4 Ra1 54. Ne5 Rxa3+ 55.
 Kg4 f5+ 56. Kg5 Rxg3+ 57. Kf6 Ke4 58. Kxe6 Kxf4 59. Nd7 Re3+ 60. Kf6 Kg4 
61. Nc5 f4 62. Nxa6 f3 63. Nc7 f2 64. Nxb5 f1=Q+ 65. Kg7 Qxb5 66. Kg6 Re6+
67. Kf7 Qd7+ 68. Kf8 Re8# 0-1

[Event "European Cities & Towns Chess Championship - Women"]
[Site "Central Europe"]
[Date "2023.01.29"]
[Round "9.3.3"]
[White "Drakaki, Anna-Maria"]
[Black "Varveraki, Argiri"]
[Result "1-0"]
[WhiteElo "1941"]
[BlackElo "1404"]
[BlackCountry "GR"]
[BlackFideId "4217667"]
[BlackTeam "Heraklion Women"]
[WhiteCountry "GR"]
[WhiteFideId "4225210"]
[WhiteTeam "Thessaloniki"]

1. d4 Nf6 2. c4 g6 3. Nf3 Bg7 4. Nc3 O-O 5. Bf4 d6 6. e3 c5 7. h3 cxd4 8. 
exd4 Nc6 9. Be2 a5 10. O-O Re8 11. Re1 Nh5 12. Bg5 h6 13. Be3 g5 14. Nxg5 
hxg5 15. Bxh5 e6 16. Ne4 d5 17. Nxg5 Nxd4 18. Bxf7+ Kf8 19. Bxe8 Kxe8 20. 
Qh5+ 1-0

[Event "European Cities & Towns Chess Championship - Women"]
[Site "Central Europe"]
[Date "2023.01.29"]
[Round "9.3.4"]
[White "Papadimitriou, Argyro"]
[Black "Pasoglou, Ekaterini"]
[Result "0-1"]
[WhiteElo "1000"]
[BlackElo "1872"]
[BlackCountry "GR"]
[BlackFideId "4247663"]
[BlackTeam "Thessaloniki"]
[Termination "time forfeit"]
[WhiteCountry "GR"]
[WhiteFideId "42133041"]
[WhiteTeam "Heraklion Women"]

1. d4 Nf6 2. c4 e6 3. Nc3 Bb4 4. Nf3 b6 5. Bg5 Bb7 6. e3 h6 7. Bxf6 Qxf6 
8. Bd3 O-O 9. O-O Bxc3 10. bxc3 d6 11. e4 e5 12. Rb1 Nd7 13. h3 Rfe8 14. 
Re1 Qe7 15. Qd2 Nf8 16. g4 Ng6 17. Kg2 Nf4+ 18. Kg3 Qf6 19. Kh2 Nxh3 20. 
Re3 Nf4 21. Rg1 Re6 22. Rg3 Qg6 23. d5 Rf6 24. Nh4 Qh7 25. Nf3 Bc8 26. Kg1
Rg6 27. Nh4 Rxg4 28. Rxg4 Bxg4 29. Rg3 h5 30. f3 Bd7 31. Kf1 Qh6 32. Nf5 
Bxf5 33. exf5 Qf6 34. Kf2 Qh4 35. Qe1 Nxd3+ 36. Kg2 Nxe1+ 0-1